| 000 | 00752nam a2200241 u 4500 | ||
|---|---|---|---|
| 005 | 20230610063838.0 | ||
| 008 | 130905s2003 mx r 000 0 spa d | ||
| 020 | _a9700739406 | ||
| 035 | _aUPN01000192633 | ||
| 049 | _aCG | ||
| 050 | 4 |
_aPQ7297 C2.47 _bC6.7 2003 |
|
| 100 | 1 |
_aCampo, Angel de, _d1868-1908 _928635 |
|
| 245 | 1 | 0 |
_aCosas vistas y cartones / _cAngel de Campo ; ed. y pról. María del Carmen Millán. |
| 250 | _a10a ed. | ||
| 260 |
_aMéxico : _bPorrúa, _c2003. |
||
| 300 | _a306 p. | ||
| 440 | 0 |
_aColección de escritores mexicanos ; _v77 |
|
| 650 | 4 |
_aLiteratura mexicana _ySiglo XIX _95396 |
|
| 650 | 4 |
_aCuentos _93090 |
|
| 700 | 1 |
_aMillán, María del Carmen, _d1914-1982 _eed. _929275 |
|
| 905 | _aLibro | ||
| 999 |
_c164735 _d164735 |
||